Normal view
MARC view
Entry Personal Name
001 - CONTROL NUMBER
- control field: 74604
003 - CONTROL NUMBER IDENTIFIER
- control field: dpl
005 - DATE AND TIME OF LATEST TRANSACTION
- control field: 20241203155333.0
008 - FIXED-LENGTH DATA ELEMENTS
- fixed length control field: 241203|| aca||aabn | a|a d
040 ## - CATALOGING SOURCE
- Original cataloging agency: dpl
- Transcribing agency: dpl
100 ## - HEADING--PERSONAL NAME
- Personal name: Baltzan, Paige
670 ## - SOURCE DATA FOUND
- Source citation: Work cat.: (dpl)207374: Baltzan, Paige, Business Driven Information Systems: , 2024
